02427nam a2200313 i 4500001000700000003000700007005001700014007000300031008004000034017005200074020001800126035002100144035001300165040003900178080002100217100004100238245004200279250003900321260003600360300002700396336003200423337003100455338002400486490002100510520138400531586004301915655002401958852013101982193308SpMaBN20250712063137.0ta231102s2023 sp | |||| 000 f spa  aB 6432-2016bOficina Depósito Legal Barcelona a9788432229077 a(OCoLC)937795048 aa5741867 aSpMaBNbspacSpMaBNerdcdES-MaACL a821.134.2-31"19"1 aMontero, Rosa,d1951-0XX968899eaut13aEl peso del corazón /cRosa Montero aTercera impresión: enero de 2023 aBarcelona :bSeix Barra, c2023 a397 páginas ;c19 cm aTexto (visual)2isbdcontent asin mediación2isbdmedia 2rdacarrieravolumen0 aBruna Husky ;v2 aContratada para resolver un caso a primera vista sencillo, la detective Bruna Husky se enfrenta a una trama de corrupción internacional que amenaza con desestabilizar el frágil equilibrio entre una Tierra convulsa y la dictadura religiosa de Reino de Labari. En un futuro en el que la guerra está supuestamente erradicada, Bruna lucha contrarreloj por la libertad y en defensa de la vida, mientras asimila los sentimientos contradictorios que le produce hacerse cargo de una niña pequeña. Bruna Husky es una superviviente capaz de todo que se debate entre la autosuficiencia y la desesperada necesidad de cariño. Es una fiera atrapada en la cárcel de su corta vida, un tigre que va y viene ante los barrotes de su jaula «para que no se le escape el único y brevísimo instante de la salvación», como el felino de la bella frase de Elias Canetti. 'El peso del corazón' es un thriller, una novela de aventuras política y ecológica, de fantasía y ciencia ficción, un relato mítico, un cuento para adultos, una reflexión sobre la creación literaria, una metáfora sobre el peso de la vida y la oscuridad de la muerte… ¡Y una historia de amor! Rosa Montero regresa al mundo fascinante que creó en 'Lágrimas en la lluvia' y nos sorprende de nuevo con esa potencia narrativa que ha convertido a Bruna Husky en una protagonista legendaria. aEn cub.: Premio Nacional de las Letras 7aNovelas de suspense aES-MaACLbR.154720jN-9494cDEPOJhDonación: Rosa Montero gDedicatoria autógrafa de la autoraxEncuadernación rústica